000 00374 a2200157 4500
001 125980
020 _a9788568651223
040 _cEscola Canadense de Niteroi
100 _aCarolina Simões Lopes Ligocki
245 1 0 _aOficina das Finanças na Escola Vol. 1
250 _a2 ed.
260 _aBrasília
362 0 _a2017
650 4 _aCiências Sociais
942 _cBK
999 _c125980
_d125980